00331 a2200133 450000100060000002000060000604000220001210000320003424000490006624500440011530000070015936200090016665000220017558154 a  cAnchieta - Pituba aRodrigues, Gualdino Avelino10aO último concerto no jardim municipallpor10aO último concerto no jardim municipal a700 a1996 4aPoesia portuguesa